| 000 | 01348nam a22003737a 4500 | ||
|---|---|---|---|
| 003 | CHAP | ||
| 005 | 20220329134516.0 | ||
| 008 | 971013s1979 r 00010 d | ||
| 010 | _a21371 | ||
| 011 | _a22343 | ||
| 035 | _a26437 | ||
| 040 | _cCHAP | ||
| 082 |
_a630.72 _bI55np 1977-77 |
||
| 110 |
_aINIA. México. Centro de Investigaciones Agrícolas del Noroeste _958554 |
||
| 245 | _aAvances de la investigación CIANO primavera-verano 1977-1977 | ||
| 260 |
_aCd. Obregón, Son. : _bINIA, _c1979 |
||
| 300 | _a203 p. | ||
| 490 |
_aAvances de la investigación CIANO _v; 2 |
||
| 500 | _ac.c.INIFAP. México. Centro.... Avances | ||
| 590 |
_aBATCH-UPD _b10 _c20130110 _lUCH01 _h1016 |
||
| 590 |
_aBATCH-UPD _b10 _c20130410 _lUCH01 _h0623 |
||
| 590 |
_aBATCH-UPD _b10 _c20130913 _lUCH01 _h2119 |
||
| 590 |
_aBATCH-UPD _b10 _c20130914 _lUCH01 _h1855 |
||
| 590 |
_aCONVERSION _b10 _c20130109 _lUCH01 _h1313 |
||
| 650 | 1 | 4 |
_aAgricultura _xBaja California. _91316 |
| 650 | 1 | 4 |
_aAgricultura _xInvestigacion _xBaja California. _91585 |
| 650 | 1 | 4 |
_aAgricultura _xInvestigación _xSonora. _91676 |
| 650 | 1 | 4 |
_aAgricultura _xSonora. _91824 |
| 700 | 0 |
_aPacheco M., Francisco _eed. _984565 |
|
| 830 | 0 |
_aAvances de la investigación CIANO _v; 2 _98481 |
|
| 901 | _aBK | ||
| 942 | _cLIBRO | ||
| 949 |
_a630.72 I55np 1977-77 _bBC _cCONG _d-60945 _eCONG _h60582 _i26437 _si |
||
| 999 |
_c21371 _d21371 |
||